APEC Schools

Zom-b : gladiator / (Record no. 7149)

000 -LEADER
fixed length control field nam a22 7a 4500
005 - DATE AND TIME OF LATEST TRANSACTION
control field 20190301023051.0
008 - FIXED-LENGTH DATA ELEMENTS--GENERAL INFORMATION
fixed length control field 190301b xxu||||| |||| 00| 0 eng d
020 ## - IDENTIFIER FOR THE MANIFESTATION
Identifier for the Manifestation 978147117185
Binding paperback
040 ## - CATALOGING SOURCE
Language of Cataloging eng
Transcribing Agency APEC Schools Library
Description Conventions rda
082 ## - DEWEY DECIMAL CLASSIFICATION NUMBER
Classification number Fic
Author's Number Sh528 2014
100 ## - CREATOR
Preferred Name of the Person Shan, Darren
245 ## - TITLE AND STATEMENT OF RESPONSIBILITY
Preferred Title Proper Zom-b : gladiator /
Statement of Responsibility/Parallel Statement of Responsibility Darren Shan
264 ## - PUBLICATION STATEMENT
Place of publication, distribution, etc Gray's Inn Road, London :
Publisher's Name/Parallel Publisher's Name Simon & Schuster,
Copyright ©2014.
300 ## - PHYSICAL DESCRIPTION
Extent 217 pages ;
Dimensions 17 cm.
336 ## - RDA CONTENT
Source rdacontent
Content Type text
337 ## - RDA MEDIA
Source rdamedia
Media Type unmediated
338 ## - RDA CARRIER
Source rdacarrier
Carrier Type volume
490 ## - SERIES STATEMENT
Title Proper of Series Zom-b series
942 ## - ADDED ENTRY ELEMENTS (KOHA)
Source of Classification
Koha Item Type Books
Holdings
Library Site Location Shelving Location Source of Acquisition Full Classification Number Accession Number Koha Item Type
APEC C. Raymundo Library APEC C. Raymundo Library Fiction Institutional Fund Fic Sh528 2014 A07-0000209 Fiction
APEC JRU Lipa Library APEC JRU Lipa Library Fiction Institutional Fund Fic Sh528 2014 B12-0000334 Fiction
APEC Silangan, Pateros Library APEC Silangan, Pateros Library Fiction Institutional Fund Fic Sh528 2014 B07-0000269 Fiction
APEC Sta. Rita Library APEC Sta. Rita Library Fiction Institutional Fund Fic Sh528 2014 B02-0000276 Fiction
APEC V. Luna Library APEC V. Luna Library Fiction Institutional Fund Fic Sh528 2014 A01-0000205 Fiction

Powered by Koha